000 00684nam a22001817a 4500
999 _c177700
_d177700
005 20210225164458.0
010 _aENG-129072
020 _c599.00
_a978-1-7881-6448-1
035 _aEN-112604
037 _bDBAD/PUB
082 _a618.2
100 _aOster, Emily
245 _aCribsheet: a data-driven guide to better, more relaxed parenting, from birth to preschool/
_bEmily, Oster
260 _aGurugram
_bHachette Book Publishing India Pvt. Ltd.
_c2019
270 _bGurugram
_a4th/5th Floors, Corporate Centre, Plot No- 94, Sec- 44
_e122003
300 _axxv+322p.
_c23cm(pbk)
_bIncluding Bibliographical references and Index.
942 _2ddc
_cEN
_h618.2
_mOST